000 00574nam a2200229Ia 4500
003 OSt
005 20220918205647.0
006 a|||||r|||| 00| 0
007 ta
008 220917b |||||||| |||| 00| 0 eng d
024 _a117,437
037 _cTextual
040 _aARTS
_cARTS
_beng
041 _2eng
_aeng
082 _aV72:2:N5, H8
100 _aDawson Robert Macgregor
_9115758
245 0 _aGovernment of Canada
260 _c1948
650 _aHISTORY
942 _hV72:2:N5, H8
_cTEXL
_2CC
999 _c240718
_d240718